Deaths in Romeo and Juliet Quiz Stats

 Plays Quiz Updated Sep 20, 2012

Challenge
Share
Tweet
Embed
Score 0/6 Timer 01:00
0 Plays Today
% Correct
Romeo
99.7%
Juliet
99.2%
Mercutio
76.6%
Tybalt
67.9%
Count Paris
38.8%
Lady Montague
30%

You're not logged in!

Compare scores with friends on all Sporcle quizzes.
OR
Log In

You Might Also Like...

Show Comments

Extras

Top Quizzes Today


Score Distribution

Your Account Isn't Verified!

In order to create a playlist on Sporcle, you need to verify the email address you used during registration. Go to your Sporcle Settings to finish the process.

Report this User

Report this user for behavior that violates our Community Guidelines.

Details: